[Event "Urmai Sardaran op 4th"]
[Site "Urmia"]
[Date "2015.07.29"]
[Round "9"]
[White "Roghani, Arash"]
[Black "Asgarizadeh, Ahmad"]
[Result "1-0"]
[WhiteElo "2325"]
[BlackElo "2417"]
[PlyCount "99"]
[EventDate "2015.07.22"]
[EventType "swiss"]
[EventRounds "9"]
[EventCountry "IRI"]
[SourceTitle "EXT 2016"]
[Source "ChessBase"]
[SourceDate "2015.10.08"]
[SourceVersion "1"]
[SourceVersionDate "2015.10.08"]
[SourceQuality "1"]

1. d4 Nf6 2. c4 c5 3. d5 e6 4. Nc3 exd5 5. cxd5 d6 6. e4 g6 7. h3 Bg7 8. Nf3 0-0 9. Bd3 Nbd7 10. 0-0 Qe7 11. Re1 a6 12. a4 Rb8 13. Bf4 Ne8 14. Qd2 f6 15. Rab1 Ne5 16. Nxe5 fxe5 17. Bg5 Qc7 18. b4 c4 19. Be2 b5 20. axb5 axb5 21. Ra1 Nf6 22. Ra5 Bd7 23. Rea1 Rb7 24. Ra6 Rfb8 25. Be3 Bf8 26. Kh1 Be8 27. R1a5 Qf7 28. Ra8 Qc7 29. Qa2 Be7 30. Rxb8 Rxb8 31. Ra7 Rb7 32. Ra8 Kg7 33. Qa6 h6 34. Bg4 Nxg4 35. Rxe8 Nxe3 36. fxe3 Bg5 37. Nxb5 Rxb5 38. Qxb5 c3 39. Qf1 Bf6 40. Re6 Bg5 41. Re8 Bf6 42. Ra8 c2 43. Qc1 Qc4 44. Ra7+ Kg8 45. Ra8+ Kg7 46. Ra7+ Kg8 47. b5 Bg5 48. Ra3 Qb4 49. Ra8+ Kg7 50. Ra7+ 1-0

[Event "Abrisham op"]
[Site "Sowme'eh Sara"]
[Date "2015.05.13"]
[Round "9"]
[White "Khoshkalam, Seyed Mehrab"]
[Black "Roghani, Arash"]
[Result "0-1"]
[WhiteElo "2276"]
[BlackElo "2327"]
[PlyCount "48"]
[EventDate "2015.05.08"]
[EventType "swiss"]
[EventRounds "9"]
[EventCountry "IRI"]
[SourceTitle "CBM 166 Extra"]
[Source "ChessBase"]
[SourceDate "2015.06.18"]
[SourceVersion "1"]
[SourceVersionDate "2015.06.18"]
[SourceQuality "1"]

1. e4 e6 2. d4 d5 3. Nd2 Nf6 4. e5 Nfd7 5. Bd3 c5 6. c3 cxd4 7. cxd4 Nc6 8. Ne2 f6 9. exf6 Qxf6 10. Nf3 h6 11. 0-0 Bd6 12. Bb1 0-0 13. Qd3 Rd8 14. Re1 Nf8 15. Nc3 Bd7 16. Ne5 Nxe5 17. dxe5 Bxe5 18. Be3 Bc6 19. Bc5 Nd7 20. Ba3 Bd4 21. Nd1 e5 22. Ne3 e4 23. Qb3 Kh8 24. Rd1 Bb6 0-1

[Event "Abrisham op"]
[Site "Sowme'eh Sara"]
[Date "2015.05.10"]
[Round "5"]
[White "Soozankar, Amir Mohammad"]
[Black "Roghani, Arash"]
[Result "1/2-1/2"]
[WhiteElo "2200"]
[BlackElo "2327"]
[PlyCount "55"]
[EventDate "2015.05.08"]
[EventType "swiss"]
[EventRounds "9"]
[EventCountry "IRI"]
[SourceTitle "CBM 166 Extra"]
[Source "ChessBase"]
[SourceDate "2015.06.18"]
[SourceVersion "1"]
[SourceVersionDate "2015.06.18"]
[SourceQuality "1"]

1. e4 e6 2. d4 d5 3. exd5 exd5 4. Nf3 Bg4 5. c3 Bd6 6. Bd3 Ne7 7. Nbd2 Nbc6 8. 0-0 Qd7 9. Re1 0-0 10. h3 Bf5 11. Nf1 Rae8 12. Ne3 Be4 13. Bxe4 dxe4 14. Ng5 Nc8 15. f3 exf3 16. Qxf3 f5 17. Qh5 h6 18. Nf3 Bg3 19. Rd1 f4 20. Qd5+ Qxd5 21. Nxd5 Rf7 22. Bd2 Rd8 23. c4 Nd6 24. b3 b5 25. Rac1 bxc4 26. bxc4 Nf5 27. Bc3 Nce7 28. Ne5 1/2-1/2

[Event "Tehran Alborz op 1st"]
[Site "Tehran"]
[Date "2014.03.06"]
[Round "1"]
[White "Ghasempour, Hossein"]
[Black "Roghani, Arash"]
[Result "1-0"]
[WhiteElo "1770"]
[BlackElo "2387"]
[PlyCount "47"]
[EventDate "2014.03.06"]
[EventType "swiss"]
[EventRounds "11"]
[EventCountry "IRI"]
[SourceTitle "CBM 159 Extra"]
[Source "ChessBase"]
[SourceDate "2014.04.24"]
[SourceVersion "1"]
[SourceVersionDate "2014.04.24"]
[SourceQuality "1"]

1. e4 e5 2. Nf3 Nc6 3. Bc4 Bc5 4. 0-0 d6 5. d3 Nf6 6. Bg5 h6 7. Bh4 g5 8. Bg3 h5 9. h4 Bg4 10. Nbd2 Ne7 11. c3 Ng6 12. Qb3 gxh4 13. Bxf7+ Kf8 14. Bxg6 Qd7 15. Nxh4 Rg8 16. Ndf3 Bb6 17. Bf5 Qe7 18. Rae1 Bxf3 19. d4 Bg4 20. Bxg4 Rxg4 21. Nf5 Qh7 22. Qe6 Rg6 23. Nh4 Rg5 24. Qxf6+ 1-0

[Event "Fajr op 22nd"]
[Site "Mashhad"]
[Date "2014.01.31"]
[Round "5"]
[White "Khodashenas, Mersad"]
[Black "Roghani, Arash"]
[Result "1/2-1/2"]
[WhiteElo "2233"]
[BlackElo "2398"]
[PlyCount "42"]
[EventDate "2014.01.30"]
[EventType "swiss"]
[EventRounds "9"]
[EventCountry "IRI"]
[SourceTitle "EXT 2015"]
[Source "ChessBase"]
[SourceDate "2014.11.20"]
[SourceVersion "1"]
[SourceVersionDate "2014.11.20"]
[SourceQuality "1"]

1. e4 c5 2. Nf3 e6 3. d4 cxd4 4. Nxd4 a6 5. Nc3 Qc7 6. f4 d6 7. Bd3 Nf6 8. Qe2 Nbd7 9. Nb3 b5 10. Bd2 Bb7 11. 0-0 b4 12. Nd1 d5 13. e5 Ne4 14. Be3 Be7 15. Nf2 0-0 16. Rae1 Ndc5 17. Nxc5 Bxc5 18. Kh1 Rfc8 19. Qh5 Bxe3 20. Rxe3 Qc5 21. Ng4 Qf8 1/2-1/2

[Event "Rasht Khazar op 11th"]
[Site "Rasht"]
[Date "2013.03.08"]
[Round "11"]
[White "Roghani, Arash"]
[Black "Morchiashvili, Bachana"]
[Result "0-1"]
[WhiteElo "2366"]
[BlackElo "2384"]
[PlyCount "96"]
[EventDate "2013.03.01"]
[EventType "swiss"]
[EventRounds "11"]
[EventCountry "IRI"]
[SourceTitle "CBM 153 Extra"]
[Source "ChessBase"]
[SourceDate "2013.04.22"]
[SourceVersion "1"]
[SourceVersionDate "2013.04.22"]
[SourceQuality "1"]

1. d4 Nf6 2. c4 g6 3. g3 Bg7 4. Bg2 0-0 5. Nc3 d6 6. Nf3 Nbd7 7. 0-0 e5 8. e3 Re8 9. b3 c6 10. Bb2 e4 11. Nd2 d5 12. f3 exf3 13. Qxf3 dxc4 14. Nxc4 Nb6 15. Ne5 Be6 16. h3 Nfd7 17. Nd3 Nd5 18. Nf4 Nxf4 19. Qxf4 f5 20. g4 fxg4 21. hxg4 Rf8 22. Qg3 Qg5 23. Ne4 Qxg4 24. Qxg4 Bxg4 25. Nd6 Rab8 26. Rae1 Be6 27. e4 Rxf1+ 28. Rxf1 Nb6 29. Rf2 Bf8 30. e5 Bxd6 31. exd6 Rd8 32. Ba3 Nc8 33. Re2 Kf7 34. Rf2+ Kg7 35. Re2 Kf7 36. Rf2+ Ke8 37. d5 Bxd5 38. Bxd5 cxd5 39. Re2+ Kd7 40. Rh2 h5 41. Rd2 Nxd6 42. Rxd5 Ke6 43. Rg5 Kf6 44. Ra5 a6 45. Bb2+ Ke6 46. Re5+ Kd7 47. Kg2 Re8 48. Rxe8 Nxe8 0-1

[Event "Fajr op 21st"]
[Site "Mashhad"]
[Date "2013.02.23"]
[Round "6"]
[White "Roghani, Arash"]
[Black "Ahmadinia, Ebrahim"]
[Result "0-1"]
[WhiteElo "2366"]
[BlackElo "2361"]
[PlyCount "52"]
[EventDate "2013.02.20"]
[EventType "swiss"]
[EventRounds "11"]
[EventCountry "IRI"]
[SourceTitle "EXT 2014"]
[Source "ChessBase"]
[SourceDate "2013.11.20"]
[SourceVersion "1"]
[SourceVersionDate "2013.11.20"]
[SourceQuality "1"]

1. d4 d5 2. c4 c6 3. e3 Nf6 4. Nf3 a6 5. Nc3 b5 6. b3 Bg4 7. h3 Bxf3 8. Qxf3 e5 9. dxe5 Bb4 10. Bd2 Bxc3 11. Bxc3 Ne4 12. Bb4 bxc4 13. Qg4 c5 14. f3 Nc6 15. fxe4 Nxb4 16. exd5 Qxd5 17. Rd1 Nc2+ 18. Kf2 Qxe5 19. Qf3 0-0 20. Bxc4 Rae8 21. Rd2 Na3 22. Bxa6 Qc3 23. Rhd1 Re6 24. Rd6 Nc2 25. Bc4 Rxd6 26. Rxd6 Qe1# 0-1

[Event "Fajr op 21st"]
[Site "Mashhad"]
[Date "2013.02.22"]
[Round "4"]
[White "Roghani, Arash"]
[Black "Hosseinzadeh, Nima"]
[Result "1-0"]
[WhiteElo "2366"]
[BlackElo "2228"]
[PlyCount "57"]
[EventDate "2013.02.20"]
[EventType "swiss"]
[EventRounds "11"]
[EventCountry "IRI"]
[SourceTitle "EXT 2014"]
[Source "ChessBase"]
[SourceDate "2013.11.20"]
[SourceVersion "1"]
[SourceVersionDate "2013.11.20"]
[SourceQuality "1"]

1. Nf3 Nf6 2. c4 g6 3. g3 Bg7 4. Bg2 0-0 5. d4 d6 6. Nc3 Nc6 7. 0-0 a6 8. b3 Rb8 9. Nd5 Nd7 10. e4 e6 11. Ne3 b5 12. Bb2 Na5 13. Qd2 c5 14. Bc3 b4 15. Bb2 cxd4 16. Nxd4 Nc5 17. Rad1 Bb7 18. Qxb4 Nxe4 19. Qa3 Qc7 20. f3 Nf6 21. Bc3 Nc6 22. Nxc6 Bxc6 23. Qxd6 Qb7 24. Qd2 Rbd8 25. Qb2 Qe7 26. Ng4 Nxg4 27. Bxg7 f6 28. Bxf8 Qa7+ 29. c5 1-0

[Event "IRI-ch"]
[Site "Tabriz"]
[Date "2011.01.08"]
[Round "10"]
[White "Roghani, Arash"]
[Black "Sharbaf, Mohsen"]
[Result "1/2-1/2"]
[WhiteElo "2374"]
[BlackElo "2392"]
[PlyCount "135"]
[EventDate "2011.01.01"]
[EventType "swiss"]
[EventRounds "11"]
[EventCountry "IRI"]
[SourceTitle "CBM 140 Extra"]
[Source "ChessBase"]
[SourceDate "2011.03.01"]
[SourceVersion "1"]
[SourceVersionDate "2011.03.01"]
[SourceQuality "1"]

1. d4 Nf6 2. c4 e6 3. g3 e5 4. dxe5 Ng4 5. Nc3 Nxe5 6. Nf3 Nxf3+ 7. exf3 Bc5 8. Bg2 Qe7+ 9. Qe2 Qxe2+ 10. Kxe2 d6 11. Rd1 Be6 12. b3 Nc6 13. Bb2 Bd4 14. Rd2 0-0-0 15. f4 Bf6 16. Kf1 Rhe8 17. Rc1 a5 18. Ba3 Nb4 19. Ne4 Be7 20. Bb2 d5 21. cxd5 Bxd5 22. Rcd1 f5 23. Ng5 Bxg2+ 24. Kxg2 Bxg5 25. fxg5 g6 26. Bf6 Rxd2 27. Rxd2 c6 28. f4 Nd5 29. Be5 Rd8 30. Kf3 Nb4 31. Rxd8+ Kxd8 32. a3 Nd5 33. g4 fxg4+ 34. Kxg4 Kd7 35. Kf3 b5 36. Ke4 Ke6 37. Kd4 b4 38. a4 Kf5 39. Kc5 Nxf4 40. Bc7 Ne6+ 41. Kxc6 Nd4+ 42. Kd5 Nxb3 43. Kc4 Nc5 44. Bxa5 b3 45. Kc3 Nxa4+ 46. Kxb3 Nc5+ 47. Kc4 Ne6 48. Kd3 Kxg5 49. Ke3 Kg4 50. Kf2 Kh3 51. Kg1 h5 52. Bb4 Kg4 53. Bd6 Kf3 54. Bb8 Nf4 55. Bd6 g5 56. Be7 Nh3+ 57. Kf1 g4 58. Bd8 Nf4 59. Be7 Ng2 60. Bd8 h4 61. Kg1 h3 62. Bc7 Ke2 63. Bg3 Ne3 64. Bc7 Nc2 65. Bb6 Ne1 66. Ba7 Nf3+ 67. Kh1 Kf1 68. Bb6 1/2-1/2

[Event "IRI-ch"]
[Site "Tabriz"]
[Date "2011.01.06"]
[Round "8"]
[White "Roghani, Arash"]
[Black "Moradiabadi, Elshan"]
[Result "0-1"]
[WhiteElo "2374"]
[BlackElo "2558"]
[PlyCount "78"]
[EventDate "2011.01.01"]
[EventType "swiss"]
[EventRounds "11"]
[EventCountry "IRI"]
[SourceTitle "CBM 140 Extra"]
[Source "ChessBase"]
[SourceDate "2011.03.01"]
[SourceVersion "1"]
[SourceVersionDate "2011.03.01"]
[SourceQuality "1"]

1. d4 Nf6 2. c4 g6 3. Nc3 d5 4. cxd5 Nxd5 5. e4 Nxc3 6. bxc3 Bg7 7. Be3 b6 8. Qd2 Bb7 9. Bd3 Nd7 10. Ne2 0-0 11. 0-0 c5 12. Rad1 e6 13. Bh6 Bxh6 14. Qxh6 cxd4 15. cxd4 Qf6 16. e5 Qg7 17. Qe3 Rac8 18. Ng3 Rc7 19. f4 Rfc8 20. Ne4 Bxe4 21. Bxe4 Qf8 22. d5 exd5 23. Bxd5 Qc5 24. Qxc5 Nxc5 25. g4 Re8 26. Kg2 g5 27. fxg5 Rxe5 28. Rf5 Ree7 29. h4 Rcd7 30. Rdf1 Nd3 31. Bb3 Ne5 32. Rd1 Rxd1 33. Bxd1 Nc4 34. Kf3 Ne3 35. Bb3 Nxf5 36. gxf5 Kf8 37. f6 Re1 38. h5 Rf1+ 39. Kg3 h6 0-1

[Event "IRI-ch 18th"]
[Site "Tehran"]
[Date "2008.02.23"]
[Round "10"]
[White "Roghani, Arash"]
[Black "Sadeh, Shahin"]
[Result "1-0"]
[WhiteElo "2362"]
[BlackElo "2200"]
[PlyCount "69"]
[EventDate "2008.02.16"]
[EventType "tourn"]
[EventRounds "13"]
[EventCountry "IRI"]
[EventCategory "2"]
[SourceTitle "CBM 123 Extra"]
[Source "ChessBase"]
[SourceDate "2008.05.06"]
[SourceVersion "1"]
[SourceVersionDate "2008.05.06"]
[SourceQuality "1"]

1. d4 Nf6 2. c4 e6 3. Nc3 d5 4. cxd5 exd5 5. Bg5 Be7 6. e3 b6 7. Bd3 Bb7 8. Nf3 Nbd7 9. Qc2 Nf8 10. Ne5 Qc8 11. Rc1 Ne6 12. Bxf6 Bxf6 13. f4 Bxe5 14. fxe5 Qd8 15. 0-0 Qg5 16. Rf3 c6 17. Rcf1 Rf8 18. Qa4 a6 19. Bf5 b5 20. Qc2 Qe7 21. Bxe6 Qxe6 22. Qxh7 0-0-0 23. Qxg7 Rh8 24. Rxf7 Rdg8 25. Rf8+ Rxf8 26. Rxf8+ Rxf8 27. Qxf8+ Kc7 28. Qd6+ Qxd6 29. exd6+ Kxd6 30. b4 c5 31. dxc5+ Ke5 32. Ne2 Ke4 33. Kf2 Kd3 34. Nd4 Kc3 35. h4 1-0

[Event "IRI-ch 18th"]
[Site "Tehran"]
[Date "2008.02.22"]
[Round "8"]
[White "Roghani, Arash"]
[Black "Ghaem Maghami, Ehsan"]
[Result "0-1"]
[WhiteElo "2362"]
[BlackElo "2589"]
[PlyCount "80"]
[EventDate "2008.02.16"]
[EventType "tourn"]
[EventRounds "13"]
[EventCountry "IRI"]
[EventCategory "2"]
[SourceTitle "CBM 123 Extra"]
[Source "ChessBase"]
[SourceDate "2008.05.06"]
[SourceVersion "1"]
[SourceVersionDate "2008.05.06"]
[SourceQuality "1"]

1. Nf3 Nf6 2. c4 e6 3. g3 d5 4. Bg2 dxc4 5. Qa4+ c6 6. Qxc4 b5 7. Qc2 Bb7 8. 0-0 Nbd7 9. Nc3 a6 10. a4 Rc8 11. Rd1 Qb6 12. b3 Be7 13. Bb2 0-0 14. d3 Rfd8 15. e3 h6 16. Qe2 Nc5 17. Qc2 Ncd7 18. Qe2 a5 19. Nd4 Ba6 20. Rac1 Nc5 21. Qc2 b4 22. Ne4 Ncxe4 23. dxe4 c5 24. Nb5 Rxd1+ 25. Rxd1 Bxb5 26. axb5 Qxb5 27. Bf1 Qc6 28. Bxf6 Bxf6 29. Qa2 a4 30. bxa4 c4 31. Rc1 b3 32. Qb1 Qxa4 33. e5 Bxe5 34. Qe4 b2 35. Rb1 Qb5 36. h4 h5 37. Be2 g6 38. Bd1 Qd5 39. Qc2 Qd3 40. Kg2 Ra8 0-1

[Event "IRI-ch 18th"]
[Site "Tehran"]
[Date "2008.02.20"]
[Round "6"]
[White "Roghani, Arash"]
[Black "Golizadeh, Asghar"]
[Result "1-0"]
[WhiteElo "2362"]
[BlackElo "2296"]
[PlyCount "71"]
[EventDate "2008.02.16"]
[EventType "tourn"]
[EventRounds "13"]
[EventCountry "IRI"]
[EventCategory "2"]
[SourceTitle "CBM 123 Extra"]
[Source "ChessBase"]
[SourceDate "2008.05.06"]
[SourceVersion "1"]
[SourceVersionDate "2008.05.06"]
[SourceQuality "1"]

1. Nf3 Nf6 2. c4 e6 3. g3 d5 4. d4 Be7 5. Bg2 0-0 6. 0-0 dxc4 7. Qc2 a6 8. Qxc4 b5 9. Qc2 Bb7 10. Bf4 Bd6 11. Nbd2 Nbd7 12. Rac1 Rc8 13. Nb3 Qe7 14. Rfd1 Bxf4 15. gxf4 Be4 16. Qd2 c5 17. dxc5 Bd5 18. Qe3 Bxb3 19. axb3 Rxc5 20. Nd4 Nd5 21. Bxd5 Rxd5 22. Nc6 Rxd1+ 23. Rxd1 Qc5 24. Qxc5 Nxc5 25. b4 Na4 26. Rd7 Ra8 27. Ne5 f6 28. Nd3 Rc8 29. Kf1 Rc2 30. b3 Nb2 31. Nc5 Rc3 32. Ra7 e5 33. f5 Rh3 34. Ne6 g6 35. Rg7+ Kh8 36. Rf7 1-0

[Event "IRI-ch 18th"]
[Site "Tehran"]
[Date "2008.02.19"]
[Round "5"]
[White "Roghani, Arash"]
[Black "Salehian, Sina"]
[Result "1-0"]
[WhiteElo "2362"]
[BlackElo "2101"]
[PlyCount "153"]
[EventDate "2008.02.16"]
[EventType "tourn"]
[EventRounds "13"]
[EventCountry "IRI"]
[EventCategory "2"]
[SourceTitle "CBM 123 Extra"]
[Source "ChessBase"]
[SourceDate "2008.05.06"]
[SourceVersion "1"]
[SourceVersionDate "2008.05.06"]
[SourceQuality "1"]

1. d4 Nf6 2. c4 d6 3. Nf3 Nbd7 4. Nc3 e5 5. e4 c6 6. Be2 Be7 7. 0-0 0-0 8. Re1 a6 9. Bf1 b5 10. a3 Qc7 11. Bg5 Re8 12. Rc1 Qb8 13. b4 Bf8 14. h3 Bb7 15. d5 cxd5 16. cxd5 Be7 17. Nd2 Rc8 18. Be3 Bd8 19. a4 bxa4 20. Nxa4 Rxc1 21. Qxc1 Bc7 22. Qc4 Qd8 23. Rc1 Rc8 24. Qd3 Ne8 25. Nc4 Qe7 26. Na5 Bxa5 27. Rxc8 Bc7 28. Rxc7 Nxc7 29. Nc3 Qd8 30. Be2 Qb8 31. Qc4 Ba8 32. Bg4 Nf6 33. Bd1 Nb5 34. Nxb5 axb5 35. Qc2 Kf8 36. Be2 Ne8 37. Qa2 f5 38. f3 fxe4 39. fxe4 Nf6 40. Bd3 Bb7 41. Qa5 Qc8 42. Qxb5 Qc3 43. Bf2 Bc8 44. Bf1 Bd7 45. Qb8+ Ke7 46. Bb6 Qe1 47. b5 Qxe4 48. Bd8+ Kf7 49. Qa7 Ke8 50. Bxf6 gxf6 51. b6 Qe3+ 52. Kh1 Qf2 53. Qa6 Kd8 54. b7 Kc7 55. b8Q+ Kxb8 56. Qxd6+ Ka8 57. Qa6+ Kb8 58. Qd6+ Ka8 59. Qa6+ Kb8 60. d6 Qc5 61. Qd3 f5 62. Qb3+ Ka7 63. Qf7 Qc6 64. Qxh7 Kb6 65. Qe7 e4 66. h4 f4 67. h5 f3 68. h6 fxg2+ 69. Kxg2 Qc2+ 70. Kh1 Qc1 71. Qf6 e3 72. h7 Bc6+ 73. Kg1 Qc5 74. h8Q e2+ 75. Qf2 e1Q 76. Qhb2+ Bb5 77. Qxb5+ 1-0

[Event "Dubai op 09th"]
[Site "Dubai"]
[Date "2007.04.27"]
[Round "6"]
[White "Sukandar, Irine Kharisma"]
[Black "Roghani, Arash"]
[Result "1-0"]
[WhiteElo "2217"]
[BlackElo "2375"]
[PlyCount "51"]
[EventDate "2007.04.22"]
[EventType "swiss"]
[EventRounds "9"]
[EventCountry "UAE"]
[SourceTitle "CBM 118 Extra"]
[Source "ChessBase"]
[SourceDate "2007.07.04"]
[SourceVersion "1"]
[SourceVersionDate "2007.07.04"]
[SourceQuality "1"]

1. e4 e6 2. d4 d5 3. Nc3 Bb4 4. e5 c5 5. a3 Bxc3+ 6. bxc3 Ne7 7. Qg4 0-0 8. Bd3 Nbc6 9. Nf3 f5 10. exf6 Rxf6 11. Bg5 e5 12. Qh4 e4 13. Bxf6 gxf6 14. Qxf6 exd3 15. cxd3 Bf5 16. Qg5+ Kf7 17. 0-0 Bxd3 18. Rfe1 Ng6 19. Qe3 Bf5 20. dxc5 Qf6 21. Rad1 Rd8 22. Qh6 Nge5 23. Qh5+ Kg7 24. Nxe5 Nxe5 25. Rxe5 Rf8 26. Rexd5 1-0

[Event "Dubai op 09th"]
[Site "Dubai"]
[Date "2007.04.25"]
[Round "4"]
[White "Roghani, Arash"]
[Black "Anastasian, Ashot"]
[Result "0-1"]
[WhiteElo "2375"]
[BlackElo "2552"]
[PlyCount "64"]
[EventDate "2007.04.22"]
[EventType "swiss"]
[EventRounds "9"]
[EventCountry "UAE"]
[SourceTitle "CBM 118 Extra"]
[Source "ChessBase"]
[SourceDate "2007.07.04"]
[SourceVersion "1"]
[SourceVersionDate "2007.07.04"]
[SourceQuality "1"]

1. d4 Nf6 2. c4 e6 3. Nf3 b6 4. a3 Bb7 5. Nc3 d5 6. cxd5 exd5 7. Bf4 a6 8. e3 Bd6 9. Bg3 0-0 10. Ne5 Nbd7 11. Rc1 Qe7 12. Nxd7 Qxd7 13. Bxd6 Qxd6 14. Be2 c5 15. dxc5 bxc5 16. Bf3 Rab8 17. 0-0 d4 18. Bxb7 Rxb7 19. Na4 Rb5 20. Qf3 Re8 21. Rfd1 h6 22. g3 Ne4 23. b4 cxb4 24. Rxd4 Qe6 25. Qe2 bxa3 26. Ra1 Reb8 27. Rxa3 Rb1+ 28. Rd1 Rxd1+ 29. Qxd1 Qf5 30. Qc2 Qf3 31. Rb3 Rxb3 32. Qxb3 Qxf2+ 0-1

[Event "IRI-ch"]
[Site "Tehran"]
[Date "2006.12.30"]
[Round "11"]
[White "Roghani, Arash"]
[Black "Darban Vaighani, Morteza"]
[Result "0-1"]
[WhiteElo "2383"]
[BlackElo "2396"]
[PlyCount "120"]
[EventDate "2006.12.22"]
[EventType "tourn"]
[EventRounds "11"]
[EventCountry "IRI"]
[EventCategory "6"]
[SourceTitle "CBM 116 Extra"]
[Source "ChessBase"]
[SourceDate "2007.03.07"]
[SourceVersion "1"]
[SourceVersionDate "2007.03.07"]
[SourceQuality "1"]

1. d4 Nf6 2. c4 e6 3. Nc3 Bb4 4. e3 0-0 5. Bd3 d6 6. Nge2 e5 7. a3 Bxc3+ 8. Nxc3 Nc6 9. d5 Ne7 10. 0-0 Nd7 11. f4 Nc5 12. Bc2 exf4 13. b4 Nd7 14. exf4 Nb6 15. Bb3 Nf5 16. Bb2 Ne3 17. Qd4 Nxf1 18. Ne4 f6 19. c5 Ne3 20. Qxe3 dxc5 21. Nxc5 Nxd5 22. Ne6 Nxe3 23. Nxd8+ Kh8 24. Nf7+ Rxf7 25. Bxf7 Bd7 26. Rc1 Bc6 27. Kf2 Nf5 28. b5 Bxb5 29. Rxc7 Nd6 30. Bd5 Re8 31. Bd4 Re2+ 32. Kf3 Rd2 33. Bc5 Rxd5 34. Bxd6 Kg8 35. Bb4 Bc6 36. Ke3 h5 37. h4 a5 38. Be7 Kf7 39. Bb4+ Ke6 40. Bc3 g6 41. Rg7 Kf5 42. Rf7 Rd6 43. g3 Be4 44. Bd4 Bd5 45. Rf8 Bc4 46. Rb8 Re6+ 47. Kd2 Ke4 48. Bc3 Rd6+ 49. Kc2 Bd3+ 50. Kc1 b6 51. Rf8 Kf5 52. Kd2 Be4+ 53. Kc1 Rd3 54. Bxf6 Rxg3 55. Bd4+ Kg4 56. Bxb6 Rxa3 57. Kb2 Ra4 58. Bd8 Rb4+ 59. Ka3 Rb8 60. Ka4 Ra8 0-1

[Event "IRI-ch"]
[Site "Tehran"]
[Date "2006.12.22"]
[Round "1"]
[White "Toufighi, Homayoon"]
[Black "Roghani, Arash"]
[Result "1/2-1/2"]
[WhiteElo "2386"]
[BlackElo "2383"]
[PlyCount "79"]
[EventDate "2006.12.22"]
[EventType "tourn"]
[EventRounds "11"]
[EventCountry "IRI"]
[EventCategory "6"]
[SourceTitle "CBM 116 Extra"]
[Source "ChessBase"]
[SourceDate "2007.03.07"]
[SourceVersion "1"]
[SourceVersionDate "2007.03.07"]
[SourceQuality "1"]

1. e4 e6 2. d4 d5 3. exd5 exd5 4. Nf3 Nf6 5. c4 Bb4+ 6. Bd2 Bxd2+ 7. Nbxd2 0-0 8. Be2 Nc6 9. 0-0 Bg4 10. Re1 Re8 11. h3 Bh5 12. Rc1 Rb8 13. Qa4 Ne4 14. cxd5 Nxd2 15. Nxd2 Qxd5 16. Bxh5 Qxh5 17. Rxe8+ Rxe8 18. Nf3 Qd5 19. Rc5 Qd6 20. Qc4 Nxd4 21. Rxc7 Nxf3+ 22. gxf3 Qg6+ 23. Kh2 h5 24. Rc8 Qd6+ 25. Kg2 Qd7 26. Rxe8+ Qxe8 27. Qd5 Qe6 28. Qxb7 Qxa2 29. b3 Qa5 30. Qa8+ Kh7 31. Qe4+ g6 32. Qe7 Kg7 33. h4 a6 34. Qd6 Qb5 35. b4 Qc4 36. Qe5+ Kf8 37. Qd6+ Kg7 38. Qe5+ Kf8 39. Qd6+ Kg7 40. Qe5+ 1/2-1/2

[Event "Fajr op 14th"]
[Site "Tehran"]
[Date "2006.01.28"]
[Round "5"]
[White "Vahidov, Tair"]
[Black "Roghani, Arash"]
[Result "1-0"]
[WhiteElo "2530"]
[BlackElo "2371"]
[PlyCount "59"]
[EventDate "2006.01.24"]
[EventType "swiss"]
[EventRounds "9"]
[EventCountry "IRI"]
[SourceTitle "CBM 110 Extra"]
[Source "ChessBase"]
[SourceDate "2006.03.10"]
[SourceVersion "2"]
[SourceVersionDate "2006.03.10"]
[SourceQuality "1"]

1. c4 e6 2. Nf3 d5 3. d4 c5 4. cxd5 exd5 5. g3 Nf6 6. Bg2 Be7 7. 0-0 0-0 8. Nc3 Nc6 9. dxc5 Bxc5 10. a3 Re8 11. b4 Bf8 12. Bb2 Bg4 13. Rc1 Qd7 14. Na4 Ne4 15. b5 Na5 16. Ne5 Rxe5 17. Bxe5 Qxb5 18. f3 Nb3 19. Rb1 Qxa4 20. Qxb3 Qxb3 21. Rxb3 Nd2 22. fxg4 Nxb3 23. Bxd5 Nc5 24. Rxf7 Kh8 25. Bd4 Rd8 26. Rxf8+ Rxf8 27. Bxc5 Rc8 28. Bxa7 Rc3 29. Bd4 Rxa3 30. Bxb7 1-0

[Event "IRI-chT"]
[Site "Iran"]
[Date "2005.09.30"]
[Round "11"]
[White "Kheiri, AR."]
[Black "Roghani, Arash"]
[Result "0-1"]
[WhiteElo "2193"]
[BlackElo "2341"]
[PlyCount "64"]
[EventDate "2005.05.26"]
[EventType "team"]
[EventRounds "11"]
[EventCountry "IRI"]
[SourceTitle "CBM 106 Extra"]
[Source "ChessBase"]
[SourceDate "2005.07.01"]
[SourceVersion "1"]
[SourceVersionDate "2005.07.01"]
[SourceQuality "1"]

1. e4 e6 2. d4 d5 3. Nc3 Bb4 4. e5 c5 5. a3 Bxc3+ 6. bxc3 Ne7 7. Nf3 b6 8. Bb5+ Bd7 9. Bd3 c4 10. Be2 Ba4 11. h4 h6 12. h5 Kd7 13. Bf4 Qg8 14. Kd2 Qh7 15. Kc1 Nbc6 16. Qd2 a5 17. g4 b5 18. g5 b4 19. Bd1 hxg5 20. Nxg5 Qf5 21. Be3 b3 22. cxb3 Bxb3 23. Bxb3 cxb3 24. a4 Rab8 25. Kb2 Nc8 26. c4 Nb6 27. Rhc1 Nxc4+ 28. Rxc4 dxc4 29. Rc1 Nb4 30. Rxc4 Nd3+ 31. Ka3 b2 32. Qxa5 Rb3+ 0-1